| 000 | 00875cam a2200133 4500500 | ||
|---|---|---|---|
| 005 | 20251214002556.0 | ||
| 041 | _afre | ||
| 042 | _adc | ||
| 100 | 1 | 0 |
_aClaudon, Francis _eauthor |
| 245 | 0 | 0 | _aLes grands mouvements littéraires européens |
| 260 |
_bArmand Colin,
_c2008. |
||
| 520 | _aLe romantisme, le baroque, les Lumières ou le Moyen Âge se manifestent-ils de la même façon et à date constante dans les diverses langues et cultures européennes ?Existe-t-il des écrivains européens, soit que leur problématique et leur succès les fasse échapper à la sphère strictement nationale (Shakespeare, Hugo, Goethe), soit qu’ils aient écrit en différentes langues (Nabokov) et sous différents passeports (Kafka) ? | ||
| 856 | 4 | 1 | _uhttps://shs.cairn.info/les-grands-mouvements-litteraires-europeens--9782200354091?lang=fr&redirect-ssocas=7080 |
| 999 |
_c1567156 _d1567156 |
||